| 000 | 00885nam a22003017a 4500 | ||
|---|---|---|---|
| 001 | 0124 | ||
| 003 | DO-SdBNP | ||
| 005 | 20151113143218.0 | ||
| 007 | 0124 | ||
| 008 | 151005b19uu sp 00| 0 spa d | ||
| 020 | _a842361199X | ||
| 040 |
_aBPMSU _bspa _cBPMSU |
||
| 092 |
_aXXXX _bXXXX |
||
| 100 | 1 | _aJuan Manuel | |
| 245 | 1 | 3 |
_aEl conde Lucanor / _cJuan Manuel ; Juan Pedro de Aguilar ; dirección Carlos Garulo ; ilustraciones Horacio Elena ; historietas Domingo Bladé ; fotografías Arturo Lendínez |
| 260 |
_aBarcelona : _bDon Bosco, _c[199-]. |
||
| 300 |
_a126 p. : _c21 cm. |
||
| 490 | 1 | _aTeatro Edebe | |
| 700 | 1 | _aAguilar, Juan Pedro | |
| 700 | 1 |
_aGarulo, Carlos _edir. |
|
| 700 | 1 |
_aElena, Horacio _eil. |
|
| 700 | 1 |
_aBladé, Domingo _eil. |
|
| 700 | 1 |
_aLendínez, Arturo _efot. |
|
| 830 | 0 | _aTeatro Edebe | |
| 910 | _a202 | ||
| 942 |
_2ddc _cBK |
||
| 956 | _aYngrid Lockward | ||
| 999 |
_c8706 _d8706 |
||